000 00491nam a2200181Ia 4500
005 20250326123918.0
008 250326s9999 xx 000 0 und d
037 _aTextbook
040 _aFMSL
_beng
_cFMSL
041 _aeng
_2eng
084 _aSNIogX:8 L8
_qFMSL
100 _aOrgan D W
_9735704
245 0 _aApplied psychology of work behavior
_cOrgan D W
260 _aUSA
_bUSA, BPI
_c1978
300 _a537p
942 _cTB
_hSNIogX:8 L8
999 _c1271444
_d1271444